[Event "ESP-ch Seniora 50"]
[Site "Altea"]
[Date "2022.11.01"]
[Round "4"]
[White "Grabuzova, Tatiana"]
[Black "Dominguez Gutierrez, Juan Carlos"]
[Result "0-1"]
[WhiteElo "2248"]
[BlackElo "2007"]
[PlyCount "159"]
[EventDate "2022.10.29"]
[EventType "swiss"]
[EventRounds "9"]
[EventCountry "ESP"]
[SourceTitle "EXT 2024"]
[Source "ChessBase"]
[SourceDate "2023.10.10"]
[SourceVersion "1"]
[SourceVersionDate "2023.10.10"]
[SourceQuality "1"]
[WhiteTeam "Spain"]
[BlackTeam "Spain"]
[WhiteTeamCountry "ESP"]
[BlackTeamCountry "ESP"]

1. d4 Nf6 2. c4 e6 3. g3 d5 4. Bg2 dxc4 5. Nf3 Nbd7 6. Qc2 c6 7. Qxc4 Bd6 8. Nc3 0-0 9. 0-0 e5 10. Bg5 h6 11. Bxf6 Qxf6 12. Ne4 Qe7 13. Nxd6 Qxd6 14. Rfd1 Qe7 15. e3 e4 16. Nd2 Nf6 17. Qc5 Re8 18. Re1 Qxc5 19. dxc5 Re5 20. b4 Be6 21. f4 exf3 22. Nxf3 Rd5 23. Nd4 Re5 24. Nxe6 Rxe6 25. Rad1 Re5 26. Rd3 Rae8 27. Red1 Kf8 28. Ra3 a6 29. Rdd3 Ng4 30. Rd7 R5e7 31. Rad3 f5 32. a4 Rxd7 33. Rxd7 Re7 34. Rd8+ Kf7 35. b5 axb5 36. axb5 Rxe3 37. bxc6 Re1+ 38. Bf1 bxc6 39. h3 Ne5 40. Ra8 Rc1 41. Ra7+ Kf6 42. Ra5 Nd7 43. Ra6 Rxc5 44. Bg2 Ne5 45. h4 g5 46. h5 g4 47. Ra8 Rc1+ 48. Kf2 Rc2+ 49. Kg1 Kg5 50. Re8 Nf3+ 51. Kf1 Kxh5 52. Rg8 c5 53. Rf8 Nd4 54. Bd5 Kg5 55. Rg8+ Kf6 56. Rh8 Ne2 57. Rxh6+ Kg5 58. Rc6 Nxg3+ 59. Ke1 Ne4 60. Bxe4 fxe4 61. Kd1 Rc4 62. Ke2 Kf4 63. Rf6+ Ke5 64. Rg6 Rc2+ 65. Ke3 Rc3+ 66. Kd2 Rg3 67. Rc6 Kd4 68. Rd6+ Kc4 69. Re6 e3+ 70. Ke2 Kc3 71. Rc6 c4 72. Rc8 Kb3 73. Rb8+ Kc2 74. Rc8 c3 75. Rc7 Kb2 76. Rb7+ Kc1 77. Rc7 c2 78. Rb7 Rg1 79. Kxe3 Rd1 80. Ke2 0-1

[Event "ESP-chT Rapid"]
[Site "Toledo"]
[Date "2022.09.25"]
[Round "8"]
[White "Dominguez Gutierrez, Juan Carlos"]
[Black "Sanchez Dengra, Barbara"]
[Result "1/2-1/2"]
[WhiteElo "2007"]
[BlackElo "1949"]
[PlyCount "98"]
[EventDate "2022.09.24"]
[EventType "team-swiss (rapid)"]
[EventRounds "9"]
[EventCountry "ESP"]
[SourceTitle "CBM 210 Extra"]
[Source "ChessBase"]
[SourceDate "2022.11.30"]
[SourceVersion "1"]
[SourceVersionDate "2022.11.30"]
[SourceQuality "1"]
[WhiteTeam "Tomelloso"]
[BlackTeam "Enric Valor CC"]
[WhiteTeamCountry "ESP"]
[BlackTeamCountry "ESP"]

1. d4 d5 2. c4 c6 3. Nc3 Nf6 4. e3 a6 5. Nf3 b5 6. cxd5 cxd5 7. Bd3 e6 8. 0-0 Bd6 9. e4 dxe4 10. Nxe4 Nxe4 11. Bxe4 Ra7 12. Bg5 Be7 13. Bf4 Bb7 14. Qe2 Bxe4 15. Qxe4 0-0 16. Rac1 Nd7 17. Rfd1 Nf6 18. Qe2 Nd5 19. Bg3 Bd6 20. Ne5 Rc7 21. a3 Bxe5 22. Bxe5 Rxc1 23. Rxc1 Qg5 24. Rc6 h6 25. h3 Ra8 26. Kh2 b4 27. a4 a5 28. Rc5 Qf5 29. Qg4 Qxg4 30. hxg4 f6 31. Bg3 Nb6 32. b3 Rd8 33. Bc7 Rxd4 34. Bxb6 Rxg4 35. Bxa5 Rd4 36. Rc4 Rd2 37. Rxb4 Rxf2 38. Bb6 Ra2 39. a5 e5 40. Rc4 f5 41. Kg3 f4+ 42. Kf3 Kf7 43. Bc7 Kf6 44. Re4 Ra3 45. Bxe5+ Kf5 46. Rxf4+ Kxe5 47. Rb4 Rxa5 48. Rb7 g5 49. g3 Ra2 1/2-1/2

[Event "Las Palmas Fischer Memorial 3rd"]
[Site "Las Palmas"]
[Date "2013.10.29"]
[Round "6"]
[White "Dominguez Gutierrez, Juan Carlos"]
[Black "Perez Guerra, Raul"]
[Result "1-0"]
[WhiteElo "2072"]
[BlackElo "1325"]
[PlyCount "67"]
[EventDate "2013.10.11"]
[EventType "swiss"]
[EventRounds "7"]
[EventCountry "ESP"]
[SourceTitle "EXT 2014"]
[Source "ChessBase"]
[SourceDate "2013.11.20"]
[SourceVersion "1"]
[SourceVersionDate "2013.11.20"]
[SourceQuality "1"]

1. e4 e6 2. d3 d5 3. Nd2 Nf6 4. g3 c5 5. Bg2 d4 6. Ngf3 Nc6 7. 0-0 e5 8. Nc4 Qc7 9. a4 Be6 10. b3 Be7 11. Nh4 g6 12. f4 0-0 13. fxe5 Nxe5 14. Bg5 Nxc4 15. bxc4 Ne8 16. Bh6 Ng7 17. Nf3 Bg4 18. Qd2 Rfe8 19. Bf4 Qc8 20. Rab1 Ne6 21. Ne5 f5 22. exf5 Bxf5 23. Bxb7 Qd8 24. Nc6 Qd7 25. Bxa8 Rxa8 26. Qg2 Rf8 27. Nxe7+ Qxe7 28. Rb7 Nxf4 29. Rxe7 Nxg2 30. Kxg2 Bh3+ 31. Kxh3 Rxf1 32. Rxa7 Ra1 33. Kg4 Ra2 34. a5 1-0